000 00362nam a22001217a 4500
999 _c4575
_d4575
008 250304b ||||| |||| 00| 0 eng d
020 _a9780192739209
082 _a823.92 LEW
100 _aLEWIS,GILL
_eAUTHOR
245 _aPUPPY ACADEMY
_bSCOUT AND THE SAUSAGE THIEF
260 _aGREAT CLARENDON STREET,OXFORD OX2 6DP
_bOXFORD UNIVERSITY PRESS
_c2015
942 _2ddc